| 000 | 00000nam##2200000za#4500 |
| 001 | 9.641540 |
| 003 | CaOODSP |
| 005 | 20240612102658 |
| 007 | cr ||||||||||| |
| 008 | 150407|2011||||xxc|||||o f|0| 0 fre|d |
| 040 | |aCaOODSP|bfre |
| 043 | |an-cn--- |
| 086 | 1 |aPS38-10/2011F-PDF |
| 110 | 2 |aAgence des services frontaliers du Canada. |
| 245 | 10|aGuide pour les transporteurs : |h[ressource électronique]|bobligations aux termes de la Loi sur l'immigration et la protection des réfugiés |
| 260 | |aOttawa - Ontario : |bAgence des services frontaliers du Canada |cMise à jour : janvier 2012. |
| 300 | |a68p.|bfigures, références, photographies |
| 590 | |a13-10-Supp|b2013-04-13 |
| 691 | 07|aEntrée au Canada|2gcpds |
| 691 | 07|aPolitique d'immigration|2gcpds |
| 691 | 07|aTransport international|2gcpds |
| 775 | 08|tGuide for transporters : |w(CaOODSP)9.697501 |
| 856 | 40|ahttp://publications.gc.ca|qPDF|s49755 Ko|uhttps://publications.gc.ca/collections/collection_2013/asfc-cbsa/PS38-10-2011-fra.pdf |